[Event "23rd ETCC Open 2021"]
[Site "Catez"]
[Date "2021.11.19"]
[Round "7.41"]
[White "Agopov, Mikael"]
[Black "Nabaty, Tamir"]
[Result "1/2-1/2"]
[WhiteElo "2430"]
[BlackElo "2649"]
[Annotator "TA"]
[PlyCount "128"]
[EventDate "2021.11.08"]
[EventType "team-tourn"]
[EventCountry "SLO"]
[SourceTitle "playchess.com"]
[Source "ChessBase"]
[SourceQuality "1"]
[WhiteTeam "Finland"]
[BlackTeam "Israel"]
[WhiteTeamCountry "FIN"]
[BlackTeamCountry "ISR"]

{[%evp 10,128,20,29,43,31,24,26,30,-11,0,0,0,-41,-21,-43,-36,-37,-45,-45,-39,
-50,-41,-39,-27,-81,-59,-69,-59,-111,-39,-48,-40,-59,-41,-56,-46,-25,-28,-26,
-28,-31,-44,-87,39,49,35,0,0,0,0,0,0,0,-8,-8,-8,-8,-8,-8,0,-8,29995,1505,972,8,
12,-1210,-8,-8,-8,-8,-8,-8,-8,-8,-8,-8,-8,-8,-8,-8,-8,-8,-8,-8,-8,-8,-8,-8,-8,
-8,-8,-8,-8,-8,-8,-8,-8,-8,-8,-8,-8,-8,-8,-8,-8,-8,0,-8,-8,-8,-8,-8,-8,-8,-8,
-8,-8,-8,-8]} 1. e4 g6 2. d4 Bg7 3. Nc3 d6 4. Be3 a6 5. h4 Nf6 6. f3 b5 {
B07: Pirc Defence: Miscellaneous Systems.} 7. Qd2 h5 {7...Nbd7 is more
fashionable.} 8. O-O-O b4 {[#] White has an edge.} 9. Nd5 $146 ({Predecessor:} 
9. Nce2 a5 10. Kb1 Nbd7 11. Nf4 e5 12. Nfh3 Qe7 13. d5 Nb6 14. Ng5 Nh7 15. Nxh7
Rxh7 {0-1 (98) Tugarin,A (2247)-Zabotin,A (2506) Cheboksary 2021}) 9... Nxd5
10. exd5 c6 $1 11. dxc6 Nxc6 12. d5 Ne5 13. f4 Ng4 14. Bd4 Bxd4 15. Qxd4 O-O
16. Nf3 Qa5 17. Bc4 (17. Kb1 $11) 17... Bf5 18. Rhe1 Rac8 19. Bb3 {[#]} (19.
Rd2 $15) 19... Nh6 (19... Rxc2+ $1 $17 {[%mdl 512]} 20. Bxc2 Rc8) 20. Qd2 $15 (
{Don't go for} 20. Rxe7 $2 Bxc2 $1 {[%mdl 512]} 21. Bxc2 Nf5 $19) 20... Bg4 21.
a3 Bxf3 22. gxf3 Rb8 23. Re4 $1 Nf5 24. Kb1 {[%cal Ra3b4]} Nxh4 25. axb4 Qb6
26. c3 {[#]} Nf5 ({Inferior is} 26... Nxf3 27. Qd3 $16) (26... a5 $1 $17 27.
Qe1 (27. Rxe7 axb4 28. c4 Rbe8 $19) 27... Nf5) 27. Bc2 $14 a5 $1 28. Ree1 (28.
Bd3 {is more complex.} axb4 29. Rxb4 Qe3 30. Rxb8 Rxb8 31. Bxf5 Qxd2 32. Rxd2
gxf5 33. Re2) 28... Ng7 {[%cal Ra5b4]} 29. f5 $1 axb4 {Threatens to win with ..
.Qa5.} 30. fxg6 {White wants to mate with Qh6.} bxc3 $40 {[%csl Gb8,Gc3][%cal
Rb6b2][%mdl 128] White needs to defend precisely.} 31. gxf7+ Rxf7 {[%csl Gb8,
Gc3][%cal Rb6b2]} 32. Qxc3 {[#]} Rxf3 $1 33. Rd3 Rxd3 34. Bxd3 Qb4 {( -> ...
Qxc3)} (34... Qa7 {keeps more tension.} 35. Re2 Qa4 36. Qc2 Ra8 37. Qxa4 Rxa4
38. Rxe7 Rf4) 35. Qxb4 Rb7 {[%mdl 8192]} 36. Qb5 Rxb5 $18 37. Rxe7 $2 {[%mdl
4096] Endgame KRB-KRN} ({Only move:} 37. Bxb5 $18 {aiming for Bd7.} Nf5 38. Bd7
) 37... Rb4 $11 38. Re5 $2 {[%mdl 8192]} h4 $2 (38... dxe5 $19 39. Bf1 h4) 39.
Re4 {The position is equal.} Rxe4 40. Bxe4 {KB-KN} Kf7 41. Kc2 Ne8 42. Kd3 Kf6
43. Ke3 Ke5 44. Kf3 Nf6 45. Bd3 Kxd5 46. Kf4 Kc5 47. Bf1 Nd5+ (47... d5 {
feels hotter.} 48. Kg5 Ne4+ 49. Kxh4 Kb4 50. Kg4 d4) 48. Kg5 Ne3 49. Bh3 d5 {
Strongly threatening ...d4.} 50. Kxh4 d4 {...d3 is the strong threat.} 51. Kg3
d3 52. Kf2 $1 {[%cal Rf2e3]} d2 53. Bg4 Kd4 (53... Nc4 {is more complex.} 54.
Be2 Kb4 55. Bh5 Kb3 56. Be2 Nxb2 57. Ke3 Kc3) 54. Bh5 Kd3 55. b4 Nd5 56. b5 Kc3
57. Bf3 Nb6 58. Bh5 Nd5 59. Bf3 $1 Kc2 60. Bh5 Kb2 61. Bf3 {[#]} Kc1 $1 62. Bh5
(62. b6 Nxb6) 62... Nf6 63. Bf3 {[#]} Ne4+ $1 64. Kg2 Nc5 {Weighted Error
Value: White=0.27/Black=0.26} 1/2-1/2

[Event "23rd ETCC Open 2021"]
[Site "Catez"]
[Date "2021.11.19"]
[Round "7.42"]
[White "Mikhalevski, Victor"]
[Black "Koykka, Pekka"]
[Result "1-0"]
[WhiteElo "2559"]
[BlackElo "2353"]
[Annotator "ChessBase"]
[PlyCount "83"]
[EventDate "2021.11.08"]
[EventType "team-tourn"]
[EventCountry "SLO"]
[SourceTitle "playchess.com"]
[Source "ChessBase"]
[SourceQuality "1"]
[WhiteTeam "Israel"]
[BlackTeam "Finland"]
[WhiteTeamCountry "ISR"]
[BlackTeamCountry "FIN"]
[TimeControl "40/5400+30:1800+30"]

1. d4 d5 2. c4 c6 3. Nf3 Nf6 4. Nc3 dxc4 5. a4 Bf5 6. Ne5 Nbd7 7. Nxc4 Nb6 8.
Ne5 a5 9. f3 Nfd7 10. Nxd7 Bxd7 11. e4 e6 12. Be3 Bd6 13. Be2 O-O 14. Qb3 Qc7
15. Rc1 Bf4 16. Bxf4 Qxf4 17. Kf2 Qc7 18. e5 f6 19. Rhe1 fxe5 20. dxe5 Rf4 21.
Bd3 Rb4 22. Qc2 h6 23. Rcd1 Rf8 24. b3 Qb8 25. g3 Nd5 26. Bc4 Qa7+ 27. Kg2 Be8
28. Qd2 Bh5 29. g4 Bg6 30. Na2 Rb6 31. Qf2 Kh8 32. Rd2 Rd8 33. Nc3 Rf8 34. Ne2
Ra8 35. Nd4 Bf7 36. Bxd5 exd5 37. e6 Bg6 38. e7 Rb4 39. Re6 Bf7 40. Rd6 Re8 41.
Rd8 Kh7 42. Nf5 1-0

[Event "23rd ETCC Open 2021"]
[Site "Catez"]
[Date "2021.11.19"]
[Round "7.43"]
[White "Nyysti, Sampsa"]
[Black "Smirin, Ilia"]
[Result "1/2-1/2"]
[WhiteElo "2325"]
[BlackElo "2616"]
[Annotator "TA"]
[PlyCount "91"]
[EventDate "2021.11.08"]
[EventType "team-tourn"]
[EventCountry "SLO"]
[SourceTitle "playchess.com"]
[Source "ChessBase"]
[SourceQuality "1"]
[WhiteTeam "Finland"]
[BlackTeam "Israel"]
[WhiteTeamCountry "FIN"]
[BlackTeamCountry "ISR"]

{[%evp 16,91,32,-2,0,0,62,67,70,73,84,83,92,0,93,91,160,43,53,43,71,34,73,68,
76,71,80,80,69,75,88,88,78,47,47,57,58,47,47,47,58,34,34,27,58,58,58,58,58,58,
58,12,12,12,12,12,12,8,8,8,8,8,8,0,0,0,0,0,0,0,0,0,0,0,0,0,0,0]} 1. e4 c5 2.
Nf3 e6 3. c3 Nf6 4. e5 Nd5 5. d4 cxd4 6. cxd4 b6 7. Nc3 Nxc3 8. bxc3 Qc7 9. Be2
Bb7 {B22: Sicilian: 2 c3.} 10. O-O d6 ({Black should play} 10... Qxc3 $11 11.
Bf4 Nc6) 11. Bb5+ $14 Nd7 {[#] White is slightly better.} 12. c4 $146 ({
Predecessor:} 12. Bf4 Be7 13. exd6 Bxd6 14. Bxd6 Qxd6 15. Ne5 Rd8 16. Bxd7+
Rxd7 17. Nxd7 Qxd7 18. Qg4 {1-0 (41) Osmak,I (2438)-Prohorov,O (2086) Chess.
com INT 2020}) 12... a6 13. Bxd7+ Qxd7 14. Rb1 (14. Ba3 $16) 14... b5 (14... d5
$1 $11) 15. d5 $1 $16 Rc8 {[#]} ({But not} 15... bxc4 $2 16. exd6 Bxd6 17. dxe6
$18) ({Better is} 15... Be7) 16. dxe6 ({Only move:} 16. Ba3 $1 $16) 16... fxe6
$14 17. cxb5 axb5 18. Ba3 {[%cal Re5d6]} (18. Nd4 {seems wilder.} b4 19. Re1
Bd5 20. Bf4 dxe5 21. Nxe6 Bxe6 22. Qh5+) 18... Rc3 {Strongly threatening ...
Bxf3.} 19. Bxd6 Bxf3 20. gxf3 Bxd6 21. Qxd6 ({Much weaker is} 21. exd6 O-O $11)
21... Qxd6 22. exd6 $16 {[%mdl 4096] Endgame KRR-KRR} Rc5 {[#]} 23. a4 $1 Kd7
24. Rxb5 Rxb5 25. axb5 {KR-KR} Rb8 26. Ra1 Kxd6 27. Ra7 g6 28. Rxh7 Rxb5 29. f4
g5 30. Rf7 gxf4 31. Rxf4 Rg5+ 32. Kf1 e5 33. Rf3 (33. Ra4 {keeps more tension.}
Ke6 34. f3 Rg7 35. Rg4 Ra7 36. Kf2) 33... Ke6 {The position is equal.} 34. h3
Rg8 35. Ke2 Ra8 36. h4 Rh8 37. Rh3 Kf5 38. Kf3 Ra8 39. Rh2 e4+ 40. Kg2 e3 {
And now ...e2 would win.} 41. fxe3 {Kf3 is the strong threat.} Kg4 42. h5 Ra2+
43. Kg1 Ra1+ 44. Kg2 Ra2+ 45. Kg1 Ra1+ 46. Kg2 {Weighted Error Value: White=0.
13/Black=0.13} 1/2-1/2

[Event "23rd ETCC Open 2021"]
[Site "Catez"]
[Date "2021.11.19"]
[Round "7.44"]
[White "Postny, Evgeny"]
[Black "Kokkila, Tero"]
[Result "1-0"]
[WhiteElo "2557"]
[BlackElo "2283"]
[Annotator "ChessBase"]
[PlyCount "74"]
[EventDate "2021.11.08"]
[EventType "team-tourn"]
[EventCountry "SLO"]
[SourceTitle "playchess.com"]
[Source "ChessBase"]
[SourceQuality "1"]
[WhiteTeam "Israel"]
[BlackTeam "Finland"]
[WhiteTeamCountry "ISR"]
[BlackTeamCountry "FIN"]
[TimeControl "40/5400+30:1800+30"]

1. Nf3 Nf6 2. c4 c6 3. e3 d5 4. b3 Bg4 5. Bb2 e6 6. h3 Bh5 7. Be2 Nbd7 8. d3
Qa5+ 9. Nbd2 Ba3 10. Bxa3 Qxa3 11. O-O a5 12. Nd4 Bxe2 13. Qxe2 e5 14. Nb1 Qf8
15. Nf3 Qe7 16. d4 O-O 17. Nc3 Ne4 18. Rac1 Nxc3 19. Rxc3 exd4 20. Nxd4 Nf6 21.
Qb2 Rfe8 22. Rc2 Qe5 23. Rfc1 Rad8 24. Qa3 dxc4 25. bxc4 Ne4 26. c5 Rd5 27.
Qxa5 f5 28. Qb4 g5 29. Qxb7 Nxf2 30. Rxf2 Qxe3 31. Nb3 g4 32. hxg4 fxg4 33.
Qf7+ Kh8 34. Qf4 g3 35. Qxe3 Rxe3 36. Rf3 Re2 37. a4 Rb2 1-0

[Event "23rd ETCC Open 2021"]
[Site "Catez"]
[Date "2021.11.19"]
[Round "7.45"]
[White "Saric, Ivan"]
[Black "Ragger, Markus"]
[Result "1-0"]
[WhiteElo "2665"]
[BlackElo "2668"]
[Annotator "ChessBase"]
[PlyCount "149"]
[EventDate "2021.11.08"]
[EventType "team-tourn"]
[EventCountry "SLO"]
[SourceTitle "playchess.com"]
[Source "ChessBase"]
[SourceQuality "1"]
[WhiteTeam "Croatia"]
[BlackTeam "Austria"]
[WhiteTeamCountry "CRO"]
[BlackTeamCountry "AUT"]
[TimeControl "40/5400+30:1800+30"]

1. e4 e5 2. Nf3 Nc6 3. Bb5 Nf6 4. d3 Bc5 5. c3 d5 6. exd5 Qxd5 7. Bc4 Qd6 8.
Nbd2 Bf5 9. b4 Bb6 10. Ng5 O-O 11. Nde4 Nxe4 12. dxe4 Qxd1+ 13. Kxd1 Bg4+ 14.
Ke1 h6 15. h3 Bd7 16. Nf3 Rfe8 17. a4 a6 18. Ke2 Be6 19. Bxe6 Rxe6 20. Rd1 Ree8
21. Ra2 a5 22. b5 Nd8 23. Rd5 f6 24. Ba3 Ne6 25. g3 Rac8 26. Nh4 c6 27. Rd7 Rc7
28. bxc6 bxc6 29. Rxc7 Bxc7 30. Rb2 Rb8 31. Rxb8+ Bxb8 32. Nf5 Kf7 33. h4 h5
34. Ne7 Nd8 35. f3 Ba7 36. g4 g6 37. Nc8 Bg1 38. Kf1 Bh2 39. gxh5 gxh5 40. Nd6+
Ke6 41. Nf5 Nb7 42. Kf2 Bf4 43. Ke2 Bh2 44. Kf1 Bf4 45. Ke1 Bh2 46. Ke2 Bg1 47.
Ng7+ Kf7 48. Nxh5 Bc5 49. Bc1 Bb6 50. Ba3 Bc5 51. Bc1 Bb6 52. Ng3 Nc5 53. h5
Nxa4 54. Kd3 Bc5 55. Kc4 Bf2 56. Nf5 Nb6+ 57. Kb3 Bc5 58. Be3 a4+ 59. Ka2 Bxe3
60. Nxe3 Kg7 61. Nf5+ Kh7 62. Ka3 Nc4+ 63. Kxa4 Nd2 64. Ka5 Nxf3 65. Kb6 Nd2
66. Ng3 f5 67. exf5 e4 68. Kxc6 e3 69. Kd5 Kg7 70. c4 Kf6 71. h6 Nf1 72. Ne2
Nh2 73. c5 Ng4 74. h7 Kg7 75. Ke4 1-0

[Event "23rd ETCC Open 2021"]
[Site "Catez"]
[Date "2021.11.19"]
[Round "7.46"]
[White "Dragnev, Valentin"]
[Black "Bosiocic, Marin"]
[Result "1-0"]
[WhiteElo "2548"]
[BlackElo "2545"]
[Annotator "ChessBase"]
[PlyCount "75"]
[EventDate "2021.11.08"]
[EventType "team-tourn"]
[EventCountry "SLO"]
[SourceTitle "playchess.com"]
[Source "ChessBase"]
[SourceQuality "1"]
[WhiteTeam "Austria"]
[BlackTeam "Croatia"]
[WhiteTeamCountry "AUT"]
[BlackTeamCountry "CRO"]
[TimeControl "40/5400+30:1800+30"]

1. e4 c5 2. Nf3 e6 3. d4 cxd4 4. Nxd4 Nc6 5. Nc3 Qc7 6. Ncb5 Qb8 7. Bd3 a6 8.
Nxc6 bxc6 9. Nd4 Bd6 10. Nf3 Ne7 11. O-O Ng6 12. Re1 f6 13. b3 O-O 14. Bb2 e5
15. c4 Bc5 16. a3 a5 17. Bc3 Nf4 18. Bc2 d6 19. Qd2 Bg4 20. Nh4 Qe8 21. b4 axb4
22. axb4 Rxa1 23. Bxa1 Ba7 24. Qxd6 Qh5 25. c5 Re8 26. g3 Nh3+ 27. Kg2 Nf4+ 28.
Kg1 Ne2+ 29. Rxe2 Bxe2 30. Bb3+ Kh8 31. Qd7 Ra8 32. Nf5 Qg5 33. h4 Qg4 34. Qb7
Rd8 35. Qe7 Ra8 36. Nh6 Bxc5 37. Nf7+ Kg8 38. Nd8+ 1-0

[Event "23rd ETCC Open 2021"]
[Site "Catez"]
[Date "2021.11.19"]
[Round "7.47"]
[White "Stevic, Hrvoje"]
[Black "Blohberger, Felix"]
[Result "1/2-1/2"]
[WhiteElo "2581"]
[BlackElo "2490"]
[Annotator "TA"]
[PlyCount "107"]
[EventDate "2021.11.08"]
[EventType "team-tourn"]
[EventCountry "SLO"]
[SourceTitle "playchess.com"]
[Source "ChessBase"]
[SourceQuality "1"]
[WhiteTeam "Croatia"]
[BlackTeam "Austria"]
[WhiteTeamCountry "CRO"]
[BlackTeamCountry "AUT"]

{[%evp 16,107,17,20,8,17,22,0,14,-25,-27,-56,-59,-54,-52,-52,-52,-52,-52,-52,
-52,-52,-54,-87,-62,-83,-83,-102,-102,-102,-102,-102,-102,-130,-116,-122,-125,
-203,-37,-208,-202,-236,-118,-112,-119,-112,-110,-110,-115,-120,-119,-114,-115,
-117,-116,-116,-101,-151,-150,-164,-130,-143,-127,-160,-108,-101,-59,-112,0,0,
0,0,0,0,0,0,0,0,0,0,0,0,0,0,0,0,0,0,0,0,0,0,0,0]} 1. e4 c5 2. Nf3 d6 3. Bb5+
Bd7 4. Bxd7+ Nxd7 5. O-O Ngf6 6. Qe2 e6 7. c3 Be7 8. d4 O-O 9. Rd1 cxd4 {
B52: Sicilian: Moscow Variation with 3...Bd7.} 10. cxd4 Nb6 11. Nc3 Rc8 12. Bg5
d5 13. e5 {[#]} Ne4 $146 {[%cal Re4c3]} ({Predecessor:} 13... Nfd7 14. Bxe7
Qxe7 15. Nb5 Qb4 16. b3 a5 17. Qd3 f6 18. a3 Qe7 19. Re1 a4 20. bxa4 Nxa4 21.
exf6 Qxf6 {1-0 (42) Kobalia,M (2596)-Najer,E (2654) Bryansk 2021}) 14. Bd2 Nxd2
15. Rxd2 Bb4 16. Rd3 Bxc3 17. bxc3 Na4 18. Qc2 $1 {[%cal Rc2a4]} b5 19. Re1 Qe7
20. Nd2 {[#]} Qb4 $1 {[%cal Ra4c3]} 21. Rh3 {[%csl Gh3][%cal Rc2h7] [#]} (21.
Nb1 Qb2) 21... h6 {[%cal Ra4c3][%mdl 512]} 22. Rc1 Qb2 23. Qxb2 Nxb2 24. Rb1
Na4 25. Rb3 b4 26. cxb4 (26. Rxb4 $17 {might work better.} Nxc3 27. Rb7) 26...
Rc1+ $19 27. Nf1 Rfc8 $1 {[%mdl 1024] Black has strong compensation.} 28. g4
R8c4 (28... R8c2 $1 $19 {...Nc3 is the strong threat.} 29. Kg2 Nc3) 29. Rhd3
$17 Nc3 30. Rb2 Nb5 31. Kg2 Rxd4 32. Rxd4 Nxd4 {[%mdl 4096] Endgame KRN-KRN}
33. Nd2 Rc2 34. Rxc2 Nxc2 {KN-KN} 35. b5 Na3 36. Kf3 Nxb5 37. Ke3 f6 38. f4 Kf7
39. Kd3 {[#]} g5 ({Black should try} 39... Na3 $1 40. Kc3 g5 41. fxg5 hxg5) 40.
fxg5 hxg5 41. a4 Na3 (41... Nc7 $17 42. Kd4 Na6 43. exf6 Kxf6) 42. Kc3 $1 $11 {
The position is equal.} f5 (42... fxe5 $5 43. Kb3 $8 {[#]} e4 $1 44. Kxa3 Kf6
$11) 43. Kb3 Nc4 44. Nxc4 dxc4+ 45. Kxc4 {KP-KP} Ke7 46. h3 Kd7 47. Kc5 Kc7 48.
a5 a6 49. Kd4 Kc6 {Threatens to win with ...fxg4.} 50. Kc4 Kd7 {White must now
prevent ...fxg4.} (50... f4 $5) 51. Kc5 Kc7 52. Kd4 Kc6 {aiming for ...fxg4.}
53. Kc4 Kd7 {Strongly threatening ...fxg4.} (53... f4 $5) 54. Kc5 {Whites
escaped into a draw.  Weighted Error Value: White=0.09/Black=0.09} 1/2-1/2

[Event "23rd ETCC Open 2021"]
[Site "Catez"]
[Date "2021.11.19"]
[Round "7.48"]
[White "Horvath, Dominik"]
[Black "Martinovic, Sasa"]
[Result "1/2-1/2"]
[WhiteElo "2469"]
[BlackElo "2542"]
[Annotator "ChessBase"]
[PlyCount "60"]
[EventDate "2021.11.08"]
[EventType "team-tourn"]
[EventCountry "SLO"]
[SourceTitle "playchess.com"]
[Source "ChessBase"]
[SourceQuality "1"]
[WhiteTeam "Austria"]
[BlackTeam "Croatia"]
[WhiteTeamCountry "AUT"]
[BlackTeamCountry "CRO"]
[TimeControl "40/5400+30:1800+30"]

1. e4 e6 2. d4 d5 3. e5 c5 4. c3 Nc6 5. Nf3 Bd7 6. Be2 Nge7 7. O-O cxd4 8. cxd4
Nf5 9. Nc3 Rc8 10. Bg5 Qb6 11. Na4 Qa5 12. Bd2 Qd8 13. Bg5 Be7 14. Bxe7 Qxe7
15. a3 O-O 16. Re1 Kh8 17. Nc3 a6 18. Qd2 Qd8 19. Bd1 Nh4 20. Nxh4 Qxh4 21. Ne2
f6 22. g3 Qg5 23. f4 Qh6 24. Nc1 g5 25. Nd3 Nxd4 26. Nf2 fxe5 27. Rxe5 Nf5 28.
fxg5 Qg7 29. Ng4 Rc4 30. Nf6 Bc8 1/2-1/2

[Event "23rd ETCC Open 2021"]
[Site "Catez"]
[Date "2021.11.19"]
[Round "7.49"]
[White "Laurusas, Tomas"]
[Black "Lenic, Luka"]
[Result "1/2-1/2"]
[WhiteElo "2553"]
[BlackElo "2633"]
[Annotator "TA"]
[PlyCount "83"]
[EventDate "2021.11.08"]
[EventType "team-tourn"]
[EventCountry "SLO"]
[SourceTitle "playchess.com"]
[Source "ChessBase"]
[SourceQuality "1"]
[WhiteTeam "Lithuania"]
[BlackTeam "Slovenia"]
[WhiteTeamCountry "LTU"]
[BlackTeamCountry "SLO"]

{[%evp 18,83,0,-12,-19,-11,8,0,0,0,0,0,14,8,26,27,27,27,33,30,30,21,25,21,23,
21,29,21,27,0,33,26,27,29,30,21,41,25,26,26,27,0,25,12,32,27,29,14,29,33,38,34,
38,26,20,31,34,-11,-7,-95,-102,-97,-101,-86,-75,-97,-96,-125]} 1. d4 d5 2. c4
c6 3. Nf3 Nf6 4. Qc2 dxc4 5. Qxc4 Bf5 6. g3 e6 7. Bg2 Be7 8. O-O O-O 9. Nc3
Nbd7 10. Qb3 Qb6 {D23: Queen's Gambit Accepted: 3 Nf3 Nf6 sidelines.} 11. Nd2
Rfd8 12. Nc4 Qa6 {The position is equal.} 13. Bg5 h6 14. Bxf6 Nxf6 15. Rfd1 Bc2
16. Qxc2 {[#] And now Ne4 would win.} Qxc4 17. e3 {[#]} a5 $146 ({Predecessor:
} 17... Qa6 18. Na4 Qa5 19. a3 Rac8 20. b4 Qc7 21. Rac1 Qb8 22. Rd2 Nd5 {
1-0 (93) Dzagnidze,N (2557)-Gvetadze,S (2330) Konya 2011}) 18. a3 Qa6 19. Na4
Nd7 20. Rac1 Rac8 21. h4 h5 22. Nc3 Nf6 23. Na4 Nd7 24. Bf1 Qa7 25. Bh3 Nf6 26.
Qb3 Rc7 27. Bg2 g6 28. Nc5 Kg7 29. Nd3 Rcc8 30. Rd2 Bd6 31. Rdc2 Rb8 32. Bf3
Re8 33. Qc3 Nd5 34. Qd2 Nf6 35. Ne5 Rbd8 {[#] aiming for ...Bxe5.} 36. Nc4 Bc7
37. b4 {[%cal Rc4a5]} (37. Qc3 {is interesting.} Nd5 38. Qe1 a4 39. Rd1 Rd7 40.
Rb1) 37... e5 {[%cal Re5d4]} 38. dxe5 (38. Rd1 $11 {remains equal.}) 38... Rxd2
$17 {Black is better.} 39. exf6+ Kxf6 40. Nxd2 axb4 41. axb4 Be5 42. Kg2 {
Weighted Error Value: White=0.12/Black=0.05} 1/2-1/2

[Event "23rd ETCC Open 2021"]
[Site "Catez"]
[Date "2021.11.19"]
[Round "7.50"]
[White "Borisek, Jure"]
[Black "Kazakouski, Valery"]
[Result "1/2-1/2"]
[WhiteElo "2595"]
[BlackElo "2490"]
[Annotator "TA"]
[PlyCount "119"]
[EventDate "2021.11.08"]
[EventType "team-tourn"]
[EventCountry "SLO"]
[SourceTitle "playchess.com"]
[Source "ChessBase"]
[SourceQuality "1"]
[WhiteTeam "Slovenia"]
[BlackTeam "Lithuania"]
[WhiteTeamCountry "SLO"]
[BlackTeamCountry "LTU"]

{[%evp 28,119,27,0,13,9,39,32,45,54,53,53,62,54,74,58,89,98,85,33,38,40,39,40,
44,49,36,46,46,27,65,34,142,143,161,150,158,152,151,137,146,129,116,30,42,18,
23,3,2,3,67,67,52,37,62,65,66,64,77,53,53,53,53,53,82,82,82,82,82,82,82,82,82,
82,82,82,82,82,82,82,82,82,82,82,82,82,82,79,89,89,89,89,89,89]} 1. e4 e5 2.
Nf3 Nc6 3. Bb5 a6 4. Ba4 Nf6 5. O-O Be7 6. Re1 b5 7. Bb3 O-O 8. c3 d6 9. h3 Nb8
10. d4 Nbd7 11. Nbd2 Bb7 12. Bc2 Re8 13. Nf1 Bf8 14. Ng3 g6 15. b3 a5 {C95:
Closed Ruy Lopez: Breyer Variation with 10 d4.} 16. a4 c6 17. Bg5 h6 {White is
slightly better.} 18. Be3 {[#]} Qc7 $146 ({Predecessor:} 18... Kh7 19. Nd2 b4
20. cxb4 axb4 21. f4 c5 22. dxe5 dxe5 23. Nc4 Qe7 24. Qf3 Ra6 {1-0 (44)
Stefansson,H (2514)-Navalgund,N (2359) Graz 2019}) 19. Qd2 Kh7 20. Bd3 bxa4 21.
Rxa4 exd4 22. cxd4 ({Of course not} 22. Bxd4 $6 c5 $11) 22... c5 23. Qc2 (23.
d5 $16) 23... Bc6 $1 $14 24. Ra2 cxd4 25. Nxd4 {Threatens to win with Bb5.} Nc5
26. Nxc6 Nxd3 27. Qxd3 Qxc6 28. Bd2 $36 {[%mdl 2048] White has some pressure.}
a4 29. Rc1 (29. Qc3 {keeps more tension.} Qxc3 30. Bxc3 Nd7 31. bxa4 Nc5 32. a5
) 29... Qb7 ({Better is} 29... Qd7 $1 $14) 30. bxa4 $16 {[%cal Bb3a4,Ba4a5]
[%mdl 32]} Nxe4 31. Nxe4 Qxe4 32. Qxe4 Rxe4 {[#]} 33. a5 Ra6 34. Rb2 Ra7 35.
Rb5 (35. f3 $16 Ra4 36. Rcc2) 35... Ra4 $11 36. g4 Bg7 37. Rcb1 Ra2 38. Rd5 Rc7
(38... Be5 $11) 39. Rxd6 $14 Bc3 $1 {[%cal Rc3d2] [#]} 40. Rc1 $1 Bxa5 (40...
Be5 41. Rxc7) 41. Rxc7 Bxc7 {[%mdl 4096] Endgame KRB-KRB} 42. Rd7 {Black must
now prevent Bc3.} Ba5 43. Rxf7+ (43. Be3 {feels hotter.} Kg8 44. Kg2 Bc3 45.
Bxh6 Bf6 46. Be3) 43... Kg8 44. Ra7 Rxd2 45. Rxa5 {KR-KR} Rd3 46. Kg2 {White
is better.} Kg7 47. h4 Rb3 48. f3 Rb4 49. Kg3 Rc4 50. Ra7+ Kg8 51. Re7 Ra4 52.
Re4 Ra7 53. Kf4 Kf7 54. Rd4 Rb7 55. Rd5 Rb4+ 56. Ke5 Rb7 57. h5 Re7+ 58. Kf4
g5+ 59. Kf5 Ra7 60. Rb5 {Black defended with fortune.  Weighted Error Value:
White=0.09/Black=0.12} 1/2-1/2

[Event "23rd ETCC Open 2021"]
[Site "Catez"]
[Date "2021.11.19"]
[Round "7.51"]
[White "Klabis, Rokas"]
[Black "Skoberne, Jure"]
[Result "0-1"]
[WhiteElo "2353"]
[BlackElo "2562"]
[Annotator "ChessBase"]
[PlyCount "66"]
[EventDate "2021.11.08"]
[EventType "team-tourn"]
[EventCountry "SLO"]
[SourceTitle "playchess.com"]
[Source "ChessBase"]
[SourceQuality "1"]
[WhiteTeam "Lithuania"]
[BlackTeam "Slovenia"]
[WhiteTeamCountry "LTU"]
[BlackTeamCountry "SLO"]
[TimeControl "40/5400+30:1800+30"]

1. e4 c5 2. Nf3 Nc6 3. d4 cxd4 4. Nxd4 Nf6 5. Nc3 e5 6. Ndb5 d6 7. Nd5 Nxd5 8.
exd5 Ne7 9. c4 Ng6 10. Qa4 Bd7 11. Qb4 Qb8 12. h4 h5 13. Bd3 a6 14. Nc3 Be7 15.
Bg5 Nf4 16. Bxf4 exf4 17. Ne2 f3 18. gxf3 b5 19. cxb5 axb5 20. Nc3 O-O 21. Kf1
Bf6 22. Ne4 Be5 23. f4 Ra4 24. Qd2 f5 25. fxe5 fxe4 26. Bc2 Qb6 27. Rh2 e3 28.
Qe1 Raf4 29. e6 Be8 30. Rc1 Rxf2+ 31. Rxf2 Rxf2+ 32. Kg1 Qd4 33. Bd1 Qf4 0-1

[Event "23rd ETCC Open 2021"]
[Site "Catez"]
[Date "2021.11.19"]
[Round "7.52"]
[White "Sebenik, Matej"]
[Black "Brazdzionis, Andrius"]
[Result "1/2-1/2"]
[WhiteElo "2509"]
[BlackElo "2356"]
[Annotator "ChessBase"]
[PlyCount "83"]
[EventDate "2021.11.08"]
[EventType "team-tourn"]
[EventCountry "SLO"]
[SourceTitle "playchess.com"]
[Source "ChessBase"]
[SourceQuality "1"]
[WhiteTeam "Slovenia"]
[BlackTeam "Lithuania"]
[WhiteTeamCountry "SLO"]
[BlackTeamCountry "LTU"]
[TimeControl "40/5400+30:1800+30"]

1. d4 Nf6 2. Nf3 d5 3. c3 e6 4. Bf4 Bd6 5. e3 O-O 6. Nbd2 b6 7. Bg5 h6 8. Bh4
Nbd7 9. Bb5 Bb7 10. O-O c6 11. Bd3 c5 12. a4 Qc7 13. Qb1 Ng4 14. Bg3 Bxg3 15.
hxg3 e5 16. Bf5 Ndf6 17. dxe5 Nxe5 18. a5 Nc6 19. b4 bxa5 20. bxc5 Ba6 21. Rc1
Ne7 22. Bc2 Qxc5 23. Qa2 Nc6 24. Nd4 Bc8 25. Qa3 Qxa3 26. Rxa3 Bd7 27. N2b3
Rfc8 28. Nc5 Ne5 29. Nxd7 Nexd7 30. Rxa5 Rc5 31. Rca1 Rxc3 32. Rxa7 Rxa7 33.
Rxa7 g6 34. Kf1 Ne5 35. Ke2 Rc8 36. Ra6 Ne4 37. Bxe4 dxe4 38. f3 Rc3 39. Ra8+
Kg7 40. Re8 exf3+ 41. gxf3 Nc6 42. Nxc6 1/2-1/2